000 00645nam a2200193 a 4500
001 22613
003 CO-ViMGA
008 141112s2004 ck r 000 u spa d
040 _aCO-ViMGA
_bspa
_cCO-ViMGA
082 0 4 _aBALfa
100 1 _aBallesteros, Adriana
_932160
245 1 0 _aEl fantástico mundo de las hadas :
_bseres maravillosos
260 _aMontevideo :
_bArquetipo grupo editorial,
_c2007
300 _a64
590 _aForma de adquisición : Compra - - Precio : 85000 - - Proveedor : Dismet - - Fecha de adquisición : 2008
650 1 4 _aMITOLOGIA FANTASTICA
_932161
650 1 4 _aMITOS DEL MUNDO HADAS
_932162
942 _2ddc
_cBK
999 _c30914
_d30914